Регионална библиотека "Любен Каравелов" - Русе

Върбица неплачуща (Запис номер 52447)

MARC детайли
000 -Лидер
Контролно поле с фиксирана дължина 01492nam a2200325 c 4500
003 - Код на организацията, давaща контролен номер
Контролно поле BLK
005 - Дата и час на последна редакция
Контролно поле 20250501004115.0
008 - Елементи от данни с фиксирана дължина
fixed length control field 180408b bul|||||r ||||||| ||bul||
010 ## - Наследен системен номер
LC control number KNG00056371000
040 ## - Източник на каталожния запис
Идентификатор на билиотеката - собственик на записа BLK
041 ## - Код за език
Код за езика на текст/звукозапис или на отделно заглавие Български
Код за езика КДБФ Български
080 ## - УДК
Текстов определител УДК Руска литература
УДК код - определител по УДК 821.161.1
УДК определител -31
УДК - код + определител 821.161.1-31
100 1# - Редна дума - Автор
Автор Алексеев, Михаил Николаевич
Авторска отговорност първи автор
R(LIN) 284473
139 ## - Редно поле
Редна дума Алексеев, Михаил Николаевич
Авторски знак Алекс - А 51
245 10 - Сведения за заглавието
Заглавие Върбица неплачуща
Подзаглавни данни Роман : Кн. 1 -
Редно поле (дума) Михаил Николаевич Алексеев; прев. от рус. Сидер Петров Флорин.
Том Кн. 1
257 ## - Страна на издаване
Страна на създаване/издаване СССР
260 ## - Област на издателските данни
-- София
Име на издателя, разпространителя и проч. Партиздат
Година на издаване 1976
300 ## - Физическа характеристика
Размери/Мащаб 21 см
380 ## - Жанр
Жанр Худож. лит.
490 1# - СЕРИИ (Колекции)
Име на серия Съвременна съветска проза
500 ## - Общи забележки
Забележка Ориг. загл. Ивушка неплакучая / Михаил Алексеев.
700 1# - Други автори (авторска отговорност)
Лично име Флорин, Сидер Петров
Дати, свързани с автора 1912-1999
Друга информация Преводач от руски и английски език
Автороска отговорност (Описва отношението между автора и произведението) прев. от рус.
9 (RLIN) 134445
760 1# - Описание на основната серия
Редна дума на основното описание Алексеев, Михаил Николаевич
Място на издаване, издател и година 1976
Страници - том 248 с.
Заглавие Кн. 1
852 ## - Местоположение
Форматна сигнатура Цб 80927
856 4# - Електронен адрес и достъп
Електронен формат pdf - файл
Път до файла /url/
856 4# - Електронен адрес и достъп
Електронен формат pdf - файл
Път до файла /url/
942 ## - АРТИКУЛИ
Вид на библиотечния материал Книги
Скрит в OPAC Не
944 ## - СЪЗДАВАНЕ И РЕДАКЦИЯ на ЗАПИСА
Създаване/Редакция Създаване
Дата на регистрацията/редакция 18.06.2011
Статус, дата на статуса CRON CRON
Служител, извършил регистрацията/редакцията
944 ## - СЪЗДАВАНЕ И РЕДАКЦИЯ на ЗАПИСА
Създаване/Редакция Редакция
Дата на регистрацията/редакция 18.06.2011
Статус, дата на статуса 18.06.2011 - от С1,Р / 18.06.2011
Служител, извършил регистрацията/редакцията
999 ## - СИСТЕМНИ КОНТРОЛНИ НОМЕРА
Koha biblionumber 52447
Koha biblioitemnumber 52447
Наличности
Код за отписване Код за изгубен артикул Източник на класификационната схема Код за повреда Коз за рестрикции Код за отдаване Артикулен № Име на библиотеката - собственик Име на библиотеката, в която се намира в момента Статус (Текущо местоположение) Дата на вписване в системата Местоположение - отдел Цена в лева Инвентарен номер Систематично азбучна сигнатура Баркод Номер на екземпляра Цена в евро Служебна бележка Служебен тип на артикула Бележка за публиката
  Не е изгубен Universal Decimal Classification Не е повреден само за читалня ползва се в читалня 82500 Регионална библиотека "Любен Каравелов" Русе Регионална библиотека "Любен Каравелов" Русе Хранилище 1976-01-01 Хранилище 1.50 207144 Цб 80927 120000207144 1 0.77 Дост: Dp Вид: Д N: стар фонд Дата: 01.01.1976 Книги  
Изтеглен Не е изгубен   Не е повреден без рестрикции заемане за дома 82501 Регионална библиотека "Любен Каравелов" Русе Регионална библиотека "Любен Каравелов" Русе   1976-01-01 Заемна - подръчен фонд 1.50 208582 П 882-31/А 51 208582 2 0.77 Дост: Pk Вид: Ф N: стар фонд Дата: 01.01.1976 Книги Отч.N: 31/2018 , Дата: 28.03.2018
Изтеглен Не е изгубен   Не е повреден без рестрикции заемане за дома 82502 Регионална библиотека "Любен Каравелов" Русе Регионална библиотека "Любен Каравелов" Русе   1976-01-01 Заемна - подръчен фонд 1.50 208584 П 882-31/А 51 208584 3 0.77 Дост: Pk Вид: Ф N: стар фонд Дата: 01.01.1976 Книги Отч.N: 31/2018 , Дата: 28.03.2018
Изтеглен Не е изгубен Universal Decimal Classification Не е повреден без рестрикции заемане за дома 82503 Регионална библиотека "Любен Каравелов" Русе Регионална библиотека "Любен Каравелов" Русе Заемна - подръчен фонд 1976-01-01 Заемна - подръчен фонд 1.50 208586 П 882-31/А 51 208586 4 0.77 Дост: Pk Вид: Ф N: стар фонд Дата: 01.01.1976 Дата инв: 09.02.2018 Бележки инв: П2018 Книги  
Vip Innovations Ltd, Rousse, Bulgaria 2025